Faculty of Law Library — Cairo University

Official Online Catalog

An Elementary Treatise On The Egyptian Civil Codes. (Record no. 74022)

MARC details
000 -LEADER
fixed length control field 00992nam a2200277 i 4500
003 - CONTROL NUMBER IDENTIFIER
control field EG-GICUC
005 - DATE AND TIME OF LATEST TRANSACTION
control field 20260429070646.0
008 - FIXED-LENGTH DATA ELEMENTS--GENERAL INFORMATION
fixed length control field 260429s1911 ua ||||fr|||| 00| 0 eng d
040 ## - CATALOGING SOURCE
Original cataloging agency EG-GiCUC
Language of cataloging eng
Transcribing agency EG-GiCUC
Modifying agency EG-GiCUC
Description conventions Rda
082 04 - DEWEY DECIMAL CLASSIFICATION NUMBER
Edition number 21
Classification number 343.11222
Item number HA . E
092 04 - LOCALLY ASSIGNED DEWEY CALL NUMBER (OCLC)
Edition number 21
099 ## - LOCAL FREE-TEXT CALL NUMBER (OCLC)
Classification number Law1 10 343.11222 HA . E 1911
100 1# - MAIN ENTRY--PERSONAL NAME
Personal name Halton,H. W.
Relator term Author.
245 ## - TITLE STATEMENT
Title An Elementary Treatise On The Egyptian Civil Codes.
Medium Volume 2.
Number of part/section of a work Title III,Title IV:
Name of part/section of a work Of Certain Specific Contracts,Of The Rights Of Creditors/
Statement of responsibility, etc. H. W. Halton.
264 #1 - PRODUCTION, PUBLICATION, DISTRIBUTION, MANUFACTURE, AND COPYRIGHT NOTICE
Place of production, publication, distribution, manufacture Cairo:
Name of producer, publisher, distributor, manufacturer National Printing Department,
Date of production, publication, distribution, manufacture, or copyright notice 1911.
300 ## - PHYSICAL DESCRIPTION
Extent 374 page ;
Dimensions 24 cm.
336 ## - CONTENT TYPE
Source rda contenu
Content type term texte
337 ## - MEDIA TYPE
Source rda medias
Media type term Ordinateur
338 ## - CARRIER TYPE
Source transporteur rda
Carrier type term Ressource en ligne
546 ## - LANGUAGE NOTE
Language note Text in English
650 1# - SUBJECT ADDED ENTRY--TOPICAL TERM
Topical term or geographic name entry element Criminal Law
650 1# - SUBJECT ADDED ENTRY--TOPICAL TERM
Topical term or geographic name entry element Criminal Protection Of Civil Contracts
856 40 - ELECTRONIC LOCATION AND ACCESS
Uniform Resource Identifier <a href="https://fll.law.cu.edu.eg/fulltext/bks/B10-11540.pdf">https://fll.law.cu.edu.eg/fulltext/bks/B10-11540.pdf</a>
905 ## - Cataloger and Reviser Names
Cataloger Name: Logain Ashraf
942 ## - ADDED ENTRY ELEMENTS (KOHA)
Source of classification or shelving scheme Dewey Decimal Classification
Suppress in OPAC No
Koha item type Books
Edition 21
Holdings
Withdrawn status Lost status Source of classification or shelving scheme Materials specified (bound volume or other part) Damaged status Not for loan Collection Home library Current library Date acquired Total checkouts Full call number Barcode Date last seen Copy number Price effective from Koha item type
    Dewey Decimal Classification V2   Not for loan القانون الجنائي جــــامعة القــاهرة مكتبة كلية الحقوق - المبنى الرئيسي 29.04.2026   Law1 10 343.11222 HA . E 1911 1011540 C1 B10-11540 29.04.2026 1 29.04.2026 Books

© All rights reserved — Faculty of Law, Cairo University